| 000 | 00000nam##2200000za#4500 |
| 001 | 9.693818 |
| 003 | CaOODSP |
| 005 | 20230202144025 |
| 007 | cr ||||||||||| |
| 008 | 150407|2001||||xxc|||||o f|0| 0 eng|d |
| 040 | |aCaOODSP|beng |
| 043 | |an-cn--- |
| 086 | 1 |aH49-151/2000E-PDF |
| 110 | 2 |aNational Clearinghouse on Family Violence (Canada). |
| 245 | 10|aCanadian incidence study of reported child abuse and neglect, final report / |h[electronic resource]|cby Nico Trocmé ... [et al.]. |
| 260 | |aOttawa - Ontario : |bHealth Canada. |cc2001. |
| 300 | |a210p.|bfigs., tables |
| 500 | |a"The primary objective of the CIS is to provide reliable estimates of the scope and characteristics of child abuse and neglect investigated by child welfare services across Canada."--Executive summary. |
| 500 | |aThe Cat. No. (H49-151/2000E) and ISBN (0-662-29745-8) of the print edition have been incorrectly copied in the pdf edition. |
| 590 | |a10-16-Supp|b2010-12-30 |
| 690 | 07|aViolence against children|2gcpds |
| 690 | 07|aChild care|2gcpds |
| 690 | 07|aChild safety|2gcpds |
| 690 | 07|aSocial services|2gcpds |
| 720 | 1 |aTrocmé, Nico |
| 775 | 08|tÉtude canadienne sur l'incidence des signalements de cas de violence et de négligence envers les enfants, rapport final / |w(CaOODSP)9.638008 |
| 776 | 0#|tCanadian incidence study of reported child abuse and neglect / |w(CaOODSP)9.647980 |
| 856 | 40|ahttp://publications.gc.ca|qPDF|s1745 KB|uhttps://publications.gc.ca/collections/Collection/H49-151-2000E.pdf |